Les animaux de compagnies préférés des Français - Statistiques

Statistiques générales
  • Ce quiz a été pris 126 fois
  • Le résultat moyen est 6 sur 8
Statistiques - réponses
Nombre Animal % Correct
9,9M Chiens
94%
16,5M Chats
93%
29,8M Poissons
87%
3,7M Hamsters / Cochon d'Inde / Chinchilla
85%
2,5M Lézards / Serpent / Tortues
83%
5,4M Lapins
76%
3,7M Canaris / Perroquets / Perruches
66%
8.9M Oies / Canards / Poules
54%
Aucun quiz correspondant
Distribution des résultats
% des personnes avec chaque résultat
Percentile par nombre de réponses
Votre historique - résultats
Vous n’avez pas pris ce quiz